Pokémon Schatten Gen 1 [GER] - Statistiken

Allgemein
  • Dieses Quiz wurde 246 mal gespielt
  • Das Durchschnittsergebnis liegt bei 109 aus 151
Antwortstatistiken
Bildquiz Antwort % Korrekt
Bisasam
96%
Glumanda
92%
Pikachu
92%
Bisaflor
91%
Bisaknosp
91%
Glurak
90%
Glutexo
89%
Schiggy
89%
Raichu
86%
Turtok
86%
Enton
83%
Raupy
83%
Tauboga
83%
Taubsi
83%
Mauzi
82%
Schillok
82%
Tauboss
82%
Nidoran ♀
81%
Nidoran ♂
81%
Rattfratz
81%
Vulpix
81%
Arbok
80%
Bibor
80%
Digda
80%
Nidoking
80%
Abra
79%
Nidoqueen
79%
Pummeluff
79%
Smettbo
79%
Zubat
79%
Habitak
78%
Kleinstein
78%
Pixi
78%
Digdri
77%
Evoli
77%
Golbat
77%
Kadabra
77%
Mew
77%
Rattikarl
77%
Rettan
77%
Simsala
77%
Entoron
76%
Garados
76%
Gengar
76%
Hornliu
76%
Ponita
76%
Aquana
75%
Nidorino
75%
Relaxo
75%
Sandan
75%
Sichlor
75%
Fukano
74%
Ibitak
74%
Machomei
74%
Menki
74%
Nidorina
74%
Onix
74%
Owei
74%
Paras
74%
Vulnona
74%
Blitza
73%
Ditto
73%
Flamara
73%
Kokuna
73%
Lapras
73%
Machollo
73%
Magnetilo
73%
Quappo
73%
Sandamer
73%
Voltobal
73%
Arkani
72%
Arktos
72%
Duflor
72%
Goldini
72%
Karpador
72%
Kokowei
72%
Magneton
72%
Mewtu
72%
Quapsel
72%
Sleima
72%
Sleimok
72%
Sterndu
72%
Dragoran
71%
Safcon
71%
Hypno
70%
Knofensa
70%
Knuddeluff
70%
Lavados
70%
Myrapla
70%
Nebulak
70%
Pantimos
70%
Quaputzi
70%
Dodri
69%
Georok
69%
Kicklee
69%
Kingler
69%
Knogga
69%
Krabby
69%
Lektrobal
69%
Muschas
69%
Parasek
69%
Rasaff
69%
Smogmog
69%
Smogon
69%
Galoppa
68%
Piepi
68%
Schlurp
68%
Snobilikat
68%
Tauros
68%
Golking
67%
Starmie
67%
Traumato
67%
Alpollo
66%
Dragonir
66%
Flegmon
66%
Geowaz
66%
Giflor
66%
Zapdos
66%
Chaneira
65%
Dodu
65%
Dratini
65%
Kangama
65%
Magmar
65%
Nockchan
65%
Porenta
65%
Rossana
65%
Seeper
65%
Maschock
64%
Pinsir
64%
Tentoxa
64%
Aerodactyl
63%
Austos
63%
Bluzuk
63%
Elektek
63%
Jugong
63%
Jurob
63%
Tangela
63%
Tentacha
63%
Porygon
62%
Rihorn
62%
Tragosso
62%
Lahmus
61%
Kabuto
60%
Omot
60%
Sarzenia
59%
Rizeros
58%
Seemon
57%
Kabutops
56%
Ultrigaria
56%
Amonitas
54%
Amoroso
52%
Keine übereinstimmenden Quizze gefunden
Verteilung der Resultate
Anzahl Personen mit jedem Resultat
Perzentil nach korrekt beantworteten Fragen
Ihre Resultats-Entwicklung
Sie haben dieses Quiz noch nicht gespielt